Statistics for Playable Characters in Fire Emblem: Genealogy of the Holy War

Click here to take the quiz!

General Stats

  • This quiz has been taken 225 times
    (115 since last reset)
  • The average score is 44 of 62

Answer Stats

GenAnswer% Correct
2ndSeliph
100%
1st/2ndFinn
99%
1stAyra
97%
1stQuan
97%
1stSigurd
97%
1stEthlyn
96%
1stArden
93%
2ndLeif
93%
1stLex
93%
2ndLarcei
91%
1stLewyn
91%
1stAzelle
90%
1stBrigid
87%
1stLachesis
87%
2ndNanna
87%
1stDeirdre
86%
1stErinys
86%
1stTailtiu
86%
1stAlec
84%
1stJamke
84%
1stSilvia
84%
2ndArthur
83%
2ndJulia
83%
1stNaoise
83%
2ndAltena
81%
1stDew
81%
2ndAres
78%
1stClaud
78%
1stEdain
78%
2ndCed
77%
2ndLene
75%
2ndScáthach
75%
2ndShannan
75%
2ndOifey
74%
2ndTine
72%
1stMidir
71%
2ndPatty
71%
1stBeowolf
70%
2ndLana
70%
1stChulainn
65%
2ndFee
62%
2ndLester
62%
2ndIuchar
61%
2ndCoirpre
59%
2ndIucharba
58%
2ndHannibal
57%
2ndDiarmuid
55%
2ndFebail
52%
2ndDaisy
51%
2ndHawk
51%
2ndMuirne
46%
2ndCharlot
45%
2ndTristan
43%
2ndLaylea
42%
2ndCreidne
39%
2ndJeanne
39%
2ndHermina
38%
2ndAsaello
36%
2ndAmid
35%
2ndDeimne
35%
2ndLinda
33%
2ndDalvin
29%

Score Distribution

Percentile by Number Answered

Percent of People with Each Score

Your Score History

You have not taken this quiz since the last reset